| 000 | 00602cam a22002292a 4500 | ||
|---|---|---|---|
| 001 | 006867 | ||
| 003 | AR-FADEU | ||
| 008 | 311216n1985####xxu####################dd | ||
| 020 | _a85-209-0421 | ||
| 092 |
_a469.5 _bC972-2 |
||
| 100 | _aCunha, Celso | ||
| 245 | _aNova gramática do português contemporáneo | ||
| 250 | _a2a. ed | ||
| 260 | _aRio de Janeiro | ||
| 260 | _bNova Fronteira | ||
| 260 | _c1985 | ||
| 300 | _a724 p. : cuad | ||
| 700 | _aLuís F. Lindey, Cintra | ||
| 650 | _aGRAMATICA-PORTUGUES; PORTUGUES-GRAMATICA; PORTUGUES/TRADUC/ | ||
| 546 | _aPortuguês | ||
| 942 | _cBDGR | ||
| 999 |
_c12681 _d12681 |
||